01016nam a2200229 a 450000100100000000500170001000800410002704000250006808200160009311000950010924501110020426000460031530000330036150000410039450400740043553400640050970000290057370000380060204900090064095201200064999900170076900002479120200930023355.0110204s1975 ag b r 000 0 spa d aDO-SdBNPbspacBNPHU axxxxbC397s1 aCentro Regional de Ayuda Técnica,bAgencia para el Desarrollo Internacional (AID)93498310aSuelos de las regiones tropicales humedas /cprefacio Matthew Drosdoff ; traducción Andrés O. Bottaro. aBuenos Aires, México :bMarymar,c1975. a271 p. ; :bmapas. ;c22 cm. aIncluye bibliografía p. [263-265]. aIncluye referencias bibliográficas y notas al pie de las páginas. pTítulo original en inglés:tSoils of the humid tropics.1 aDrosdoff, Matthew9508691 aBottaro, Andrés O.,etr.950870 aBNGR 001054708MOaGRbGRcCTd2011-02-04iLF1l0oxxxx C397sp24791-10r2020-06-25w2020-06-25y4ZPréstamo en sala c24284d24284